000 00621nam a2200241Ia 4500
003 OSt
005 20220918181937.0
006 a|||||r|||| 00| 0
007 ta
008 220917b |||||||| |||| 00| 0 eng d
024 _a29,500
037 _cTextual
040 _aARTS
_cARTS
_beng
041 _2eng
_aeng
082 _aO111.3N27,11, L8
100 _aJhabvala R P
_959509
245 0 _aEsmond in India
260 _aLondon
_bJohn Murry
_c1978
300 _a269p.
_ccm.
650 _aENGLISH LITERATURE
942 _hO111.3N27,11, L8
_cTEXL
_2CC
999 _c167317
_d167317